|
|
|
|
| LEADER |
01110nam a2200313 a 4500 |
| 001 |
1100 |
| 003 |
BD-DhAAL |
| 005 |
20150909114119.0 |
| 008 |
150909s2010 nyua b 001 0 eng |
| 010 |
|
|
|a 2008049420
|
| 020 |
|
|
|a 0070364400
|
| 020 |
|
|
|a 9780073371641 (acid free paper)
|
| 020 |
|
|
|a 9780073371641 (instructors ed. : acid free paper)
|
| 040 |
|
|
|a DLC
|c DLC
|d DLC
|d BD-DhAAL
|
| 050 |
0 |
0 |
|a LB2395
|b .L346 2010
|
| 082 |
0 |
0 |
|a 428.4071/1
|2 22
|
| 100 |
1 |
|
|a Langan, John,
|d 1942-
|9 12354
|
| 245 |
1 |
0 |
|a Reading and study skills /
|c John Langan.
|
| 250 |
|
|
|a 6th ed.
|
| 260 |
|
|
|a New York, NY :
|a Bostom :
|b McGraw-Hill Higher Education,
|c c1998.
|
| 300 |
|
|
|a xiv, 624 p. :
|b ill. ;
|c 23 cm.
|
| 490 |
0 |
|
|a The Langan series
|
| 504 |
|
|
|a Includes bibliographical references and index.
|
| 541 |
|
|
|e 1100
|
| 650 |
|
0 |
|a Study skills.
|9 14510
|
| 650 |
|
0 |
|a Reading (Higher education)
|z United States.
|9 14273
|
| 942 |
|
|
|2 ddc
|c BK
|
| 999 |
|
|
|c 35483
|d 35483
|
| 952 |
|
|
|0 0
|1 0
|2 ddc
|4 0
|6 428_407100000000000_1_LAN
|7 0
|9 55810
|a SCL
|b SCL
|c GEN
|d 2015-09-09
|g 2190.00
|l 0
|o 428.40711 LAN
|p 3020001100
|r 2015-09-09
|t 1
|w 2015-09-09
|y BK
|